000 00641nam a22002057a 4500
003 NUST
005 20230126125806.0
008 190704b ||||| |||| 00| 0 eng d
038 _aAttaullah.
082 _a510
100 _aAfzal, Khadeeja
_916738
245 _aNanofluid Flow Heat and Mass Transfer Over A Porous Stretching Sheet
_cKhadeeja Afzal.
260 _aIslamabad :
_bSNS - NUST,
_c2016.
300 _av, 53 p. : ill. ;
_c30cm.
500 _aHard Cover.
650 _aMathematics - MS Thesis.
_916139
700 _aDr. Asim Aziz.
_916739
856 _uhttp://10.250.8.41:8080/xmlui/handle/123456789/4223
942 _2ddc
_cTHE
999 _c525797
_d525797